00313 a2200109 4500001000900000005001700009008004100026245002100067100002200088773007600110999001700186ART_961820260410161837.0260409a 10aEl problema dual1 aBonatti, Patricia0 tContabilidad y administracióng- Año 5, Nº 54 (dic. 1981)wREV5485 c23738d23738